| 000 | 00819nam a2200265 a 4500 | ||
|---|---|---|---|
| 001 | 1913143 | ||
| 003 | OSt | ||
| 005 | 20230602143958.0 | ||
| 008 | 841123s1983 ke b b 001 0 eng | ||
| 010 | _a 84980889 | ||
| 040 |
_aDLC _cDLC _dDLC |
||
| 043 | _af------ | ||
| 082 | 0 | 0 |
_a302.23 _bOCH |
| 100 | 1 | _aOchola, Francis W. | |
| 245 | 1 | 0 |
_aAspects of mass communication and journalism research on Africa / _cby Francis W. Ochola. |
| 250 | _a1st ed. | ||
| 260 |
_aNairobi, Kenya : _bAfrica Book Services, _c1983. |
||
| 300 |
_a103 p. : _bmap ; _c21 cm. |
||
| 500 | _aIncludes index. | ||
| 504 | _aBibliography: p. 80-95. | ||
| 650 | 0 |
_aMass media _zAfrica _xResearch. |
|
| 906 |
_a7 _bcbc _corignew _d3 _encip _f19 _gy-gencatlg |
||
| 942 |
_2ddc _cBK |
||
| 999 |
_c181 _d181 |
||